| 000 | 00582nam a2200193 i 4500 | ||
|---|---|---|---|
| 001 | 83438 | ||
| 003 | ES-MaACL | ||
| 005 | 20250928134220.0 | ||
| 007 | t| | ||
| 008 | 041116s1968 sp ||||1| spa d | ||
| 100 | 1 |
_aJabonero, V. _965791 |
|
| 245 | 1 | 3 |
_aLa Facultad de Medicina / _cV. Jabonero, A. Novo, E. Ortiz de Landazuri. |
| 260 |
_aOviedo : _bColegio Oficial de Médicos de Asturias, _c1968. |
||
| 300 |
_a70 p. ; _c22 cm. |
||
| 700 | 1 |
_aNovo, A. _986080 |
|
| 700 | 1 |
_aOrtiz de Landázuri, E., _d1910-1985 _987596 |
|
| 852 |
_aES-MaACL _jC-37132 |
||
| 999 |
_c83438 _d83438 |
||